Ανατομία μορφολογία φυτών

Αποθηκεύτηκε σε:
Λεπτομέρειες βιβλιογραφικής εγγραφής
Κύριος συγγραφέας: Κολλάρος, Δημήτριος
Μορφή: Βιβλίο
Γλώσσα:Greek
Δημοσίευση: Θεσσαλονίκη : Δίσιγμα, c2020.
Θέματα:
Ετικέτες: Προσθήκη ετικέτας
Δεν υπάρχουν, Καταχωρήστε ετικέτα πρώτοι!

MARC

LEADER 00000cam a2200000 a 4500
001 1/124888
008 220517s2020####gr a ||| |||| ||gre||
020 |a 9786182020197 
040 |a GR-MyUa  |b gre  |c GR-MyUa  |e AACR2 
041 0 |a gre 
082 7 |a 581.1   |2 (23) 
100 1 |a Κολλάρος, Δημήτριος. 
245 1 0 |a Ανατομία μορφολογία φυτών /   |c Κολλάρος Δημήτριος.  
260 |a Θεσσαλονίκη :   |b Δίσιγμα,   |c c2020.  
300 |a 23 εκ. :   |b εικ. ;   |c 23 εκ.  
504 |a Περιλαμβάνει βιβλιογραφικές παραπομπές.  
650 0 |a Plant physiology 
650 0 |a Botany 
650 0 |a Plant anatomy 
852 |a INST  |b LESVOS  |c EUDOXUS  |e 20220517  |h 581.1 ΚΟΛ  |p 005100063501  |q 005100063501  |t EDX  |y 0 
920 |a Εύδοξος  |b Παραγγελία  |y Λέσβος-ΤΠ  |z 2022-05 
970 |a Καμάτσου  |b Δέσποινα  |z 17-05-2022